000 00471nam a22001697a 4500
003 DO-SdBNP
005 20171129115512.0
008 171129b sp2004||||| |||| 00| 0 spa d
020 _a84 667 3999 8
040 _aBPMSU
_bspa
_cBPMSU
100 _aCano Guijarro, Isabel
245 1 0 _aLas profesiones /
_cIsabel Cano Guijarro, Tae Mori
260 _aMadrid :
_bAnaya ,
_c2004
300 _a25 p. :
_bil. ;
_c20 cm.
942 _2ddc
_cBK
945 _aInventariado, 2017/MFF
999 _c13212
_d13212